[Event "TICP 2010"]
[Site "Charleroi"]
[Date "2010.07.31"]
[Round "1.1"]
[White "Ponnet, Geerard"]
[Black "Rausis, Igor"]
[Result "0-1"]
[WhiteElo "1810"]
[BlackElo "2466"]
[PlyCount "90"]

1. c4 e5 2. Nc3 Bb4 3. Nd5 Ba5 4. b4 c6 5. bxa5 cxd5 6. cxd5 Nf6 7. Bb2 d6 8.
e4 O-O 9. Qc2 Qxa5 10. Ne2 Na6 11. Bc3 Qa3 12. Rb1 Bd7 13. Ng3 Rfc8 14. Rxb7
Nc5 15. Bb4 Nxb7 16. Qxc8+ Rxc8 17. Bxa3 Rc2 18. Bb4 Rxa2 19. Bc3 Nc5 20. f3
Na4 21. Bd3 Nxc3 22. dxc3 Rxg2 23. Be2 h5 24. Nf1 h4 25. Ne3 Rg6 26. Kf2 Nh5
27. Ng2 Nf4 28. Nxh4 Rg5 29. Ra1 Rh5 30. Ng2 Nxe2 31. Kxe2 Rxh2 32. Kf2 Bh3 33.
Kg3 Rxg2+ 34. Kxh3 Rc2 35. Rxa7 Rxc3 36. Kg4 Rc1 37. Rd7 Rg1+ 38. Kf5 Rg6 39.
Rd8+ Kh7 40. Rd7 Rf6+ 41. Kg4 Kh6 42. Kh4 Rxf3 43. Rxd6+ f6 44. Rd8 Rf4+ 45.
Kg3 Rxe4 0-1

[Event "TICP 2010"]
[Site "Charleroi"]
[Date "2010.07.31"]
[Round "1.2"]
[White "Wirig, Anthony"]
[Black "Chung Choong Lon, Marc"]
[Result "1-0"]
[WhiteElo "2489"]
[BlackElo "1813"]
[PlyCount "57"]

1. Nf3 f5 2. g3 Nf6 3. Bg2 d6 4. d4 e6 5. c4 Be7 6. Nc3 O-O 7. Qc2 Nc6 8. O-O
a5 9. a3 e5 10. dxe5 dxe5 11. Rd1 Nd4 12. Nxd4 exd4 13. Nd5 Bc5 14. Bg5 c6 15.
Bxf6 Rxf6 16. Nxf6+ Qxf6 17. b3 Be6 18. Qb2 Rf8 19. b4 Bd6 20. c5 Be5 21. f4
Bc7 22. Qxd4 Qf7 23. Rab1 Qg6 24. b5 Rd8 25. Qxd8+ Bxd8 26. Rxd8+ Kf7 27. bxc6
bxc6 28. Rb7+ Kf6 29. Rf8+ 1-0

[Event "TICP 2010"]
[Site "Charleroi"]
[Date "2010.07.31"]
[Round "1.3"]
[White "Hautot, Stéphane"]
[Black "Decrop, Hendrik"]
[Result "1-0"]
[WhiteElo "2422"]
[BlackElo "1806"]
[PlyCount "55"]

1. e4 c5 2. Nf3 d6 3. d4 cxd4 4. Nxd4 Nf6 5. Nc3 g6 6. Be3 Bg7 7. f3 O-O 8. Qd2
Nc6 9. O-O-O Bd7 10. g4 Rc8 11. h4 Qa5 12. Nb3 Qc7 13. h5 Ne5 14. Be2 Be6 15.
Kb1 Bc4 16. hxg6 hxg6 17. Bh6 g5 18. Bxg7 Kxg7 19. Qxg5+ Ng6 20. Qh6+ Kg8 21.
g5 Nh5 22. Rxh5 Rfd8 23. Nd4 e6 24. Rdh1 Qc5 25. Qxg6+ Kf8 26. Rh8+ Ke7 27.
Qf6+ Kd7 28. Qxf7# 1-0

[Event "TICP 2010"]
[Site "Charleroi"]
[Date "2010.07.31"]
[Round "1.4"]
[White "Renard, Luc"]
[Black "Van der Stricht, Geert"]
[Result "0-1"]
[WhiteElo "1805"]
[BlackElo "2393"]
[PlyCount "38"]

1. d4 Nf6 2. Nf3 d5 3. Bf4 g6 4. Nbd2 Bg7 5. e3 O-O 6. c3 Nh5 7. Be5 f6 8. Bg3
e5 9. dxe5 Nxg3 10. exf6 Nxh1 11. fxg7 Kxg7 12. Qe2 Qe8 13. O-O-O Qa4 14. Nb3
Qxa2 15. Nbd4 c5 16. Nc2 Bf5 17. Qb5 Nd7 18. e4 a6 19. Qxb7 Rab8 0-1

[Event "TICP 2010"]
[Site "Charleroi"]
[Date "2010.07.31"]
[Round "1.5"]
[White "Claesen, Pieter"]
[Black "Van Den Heede, Dorian"]
[Result "1-0"]
[WhiteElo "2350"]
[BlackElo "1797"]
[PlyCount "87"]

1. c4 f5 2. Nc3 Nf6 3. g3 g6 4. Bg2 Bg7 5. d3 O-O 6. e4 fxe4 7. dxe4 d6 8. Nge2
e5 9. h3 Na6 10. O-O Be6 11. b3 Qd7 12. Kh2 Qf7 13. Be3 h6 14. f4 Bd7 15. fxe5
dxe5 16. Nd5 Qe6 17. Nxf6+ Rxf6 18. Rxf6 Bxf6 19. Bxh6 Kf7 20. Qd2 Rh8 21. Rf1
Ke8 22. Ng1 Qe7 23. Be3 g5 24. Qf2 Rf8 25. Qe2 Rh8 26. Bf3 Qe6 27. Bg4 Qe7 28.
Bxd7+ Kxd7 29. Qg4+ Kc6 30. Rd1 Rd8 31. Rxd8 Qxd8 32. Qe6+ Qd6 33. Qd5+ Qxd5
34. exd5+ Kd6 35. Nf3 g4 36. Nd2 gxh3 37. Ne4+ Ke7 38. Kxh3 b6 39. Kg4 Nb4 40.
Kf5 Bh8 41. Bg5+ Kf7 42. Bd8 a6 43. g4 Bg7 44. g5 1-0

[Event "TICP 2010"]
[Site "Charleroi"]
[Date "2010.07.31"]
[Round "1.6"]
[White "Schleck, Victor"]
[Black "Vandevoort, Pascal"]
[Result "0-1"]
[WhiteElo "1796"]
[BlackElo "2345"]
[PlyCount "30"]

1. e4 c5 2. Nf3 Nc6 3. d4 cxd4 4. Nxd4 Nf6 5. Nc3 d6 6. f3 e5 7. Nb3 Be7 8. Be3
O-O 9. Qd2 a5 10. Qf2 a4 11. Nd2 a3 12. Nc4 axb2 13. Rb1 d5 14. Bb6 Qd7 15.
exd5 Bb4 0-1

[Event "TICP 2010"]
[Site "Charleroi"]
[Date "2010.07.31"]
[Round "1.7"]
[White "Simon, Olivier"]
[Black "Peeters, Simonne"]
[Result "1-0"]
[WhiteElo "2339"]
[BlackElo "1791"]
[PlyCount "43"]

1. e4 e5 2. Nf3 Nc6 3. Bb5 Nge7 4. Nc3 a6 5. Ba4 b5 6. Bb3 Ng6 7. h4 h6 8. d4
d6 9. h5 Nf4 10. Bxf4 exf4 11. Qd2 Na5 12. Qxf4 Nxb3 13. axb3 Bb7 14. Rh3 Qd7
15. Rg3 O-O-O 16. O-O-O d5 17. e5 Kb8 18. Kb1 Ka7 19. Ne2 c5 20. dxc5 Bxc5 21.
Rxg7 Rdf8 22. Ned4 1-0

[Event "TICP 2010"]
[Site "Charleroi"]
[Date "2010.07.31"]
[Round "1.8"]
[White "César, André"]
[Black "Vandenbussche, Thibaut"]
[Result "0-1"]
[WhiteElo "1788"]
[BlackElo "2317"]
[PlyCount "54"]

1. d4 g6 2. e4 Bg7 3. Nf3 d6 4. Nc3 a6 5. a4 b6 6. Bc4 e6 7. O-O Ne7 8. Bf4 Nd7
9. Qd2 h6 10. h3 Bb7 11. Rfe1 g5 12. Bg3 Ng6 13. Rad1 O-O 14. Nh2 Nf6 15. f3
Kh8 16. Ne2 d5 17. exd5 Nxd5 18. f4 gxf4 19. Nxf4 Ndxf4 20. Bxf4 Qh4 21. Rf1 c5
22. Be3 cxd4 23. Bxd4 e5 24. Rxf7 Rad8 25. Rxf8+ Nxf8 26. Bf2 Rxd2 27. Bxh4
Rxd1+ 0-1

[Event "TICP 2010"]
[Site "Charleroi"]
[Date "2010.07.31"]
[Round "1.9"]
[White "Van Mechelen, Jan"]
[Black "De Strycker, Nathan"]
[Result "1/2-1/2"]
[WhiteElo "2278"]
[BlackElo "1785"]
[PlyCount "47"]

1. Nf3 Nf6 2. g3 g6 3. b4 Bg7 4. Bb2 O-O 5. Bg2 d5 6. O-O b6 7. c4 c6 8. cxd5
cxd5 9. d3 Bb7 10. Nbd2 Qd6 11. a4 Re8 12. b5 e5 13. Ba3 Qd8 14. d4 Nbd7 15. e3
exd4 16. exd4 Ne4 17. Re1 Rc8 18. Nf1 Nc3 19. Qd2 Rxe1 20. Rxe1 Ne4 21. Qa2 Nf8
22. Bxf8 Qxf8 23. Ne3 Qd6 24. Bh3 1/2-1/2

[Event "TICP 2010"]
[Site "Charleroi"]
[Date "2010.07.31"]
[Round "1.10"]
[White "Waczecka, Jérôme"]
[Black "Houriez, Clément"]
[Result "0-1"]
[WhiteElo "1780"]
[BlackElo "2259"]
[PlyCount "66"]

1. d4 Nf6 2. Nf3 g6 3. Bg5 Bg7 4. Nbd2 d5 5. e3 O-O 6. Bd3 Nbd7 7. c3 Re8 8. e4
e5 9. dxe5 Nxe5 10. Nxe5 Rxe5 11. f4 Re8 12. e5 h6 13. Bh4 g5 14. Bg3 gxf4 15.
Bxf4 Ng4 16. O-O Nxe5 17. Be2 c6 18. Kh1 Qb6 19. Nb3 Nc4 20. Bh5 Re7 21. Qc1
Kh7 22. Qc2+ f5 23. Rae1 Re4 24. Qd3 Qd8 25. Nc5 Rxe1 26. Rxe1 Qh4 27. g4 Qxe1+
28. Kg2 b6 29. gxf5 Bf6 30. Bg6+ Kg7 31. Ne6+ Bxe6 32. fxe6 Ne5 33. Bg3 Nxd3
0-1

[Event "TICP 2010"]
[Site "Charleroi"]
[Date "2010.07.31"]
[Round "1.11"]
[White "Bolzoni, Victor"]
[Black "Weidert, Florian"]
[Result "1-0"]
[WhiteElo "2240"]
[BlackElo "1779"]
[PlyCount "87"]

1. e4 e5 2. Nf3 Nc6 3. Bc4 Bc5 4. c3 Nf6 5. d3 a5 6. O-O O-O 7. d4 Bd6 8. Bd5
Nxd5 9. exd5 e4 10. Ng5 Be7 11. Nxe4 Na7 12. Qh5 f5 13. Ng5 Bxg5 14. Bxg5 Qe8
15. Qxe8 Rxe8 16. Nd2 h6 17. Bf4 d6 18. h4 Bd7 19. Rfe1 Kf7 20. c4 Rxe1+ 21.
Rxe1 Re8 22. Rxe8 Bxe8 23. Kf1 Kf6 24. g3 a4 25. Ke2 b5 26. b3 axb3 27. axb3
bxc4 28. bxc4 Nc8 29. Kd3 Nb6 30. Nb3 Ke7 31. Bc1 Bh5 32. Na5 Bf3 33. Ba3 Kd7
34. Bc1 Be4+ 35. Ke3 Bb1 36. Kd2 Be4 37. Ke3 Bb1 38. f3 Ba2 39. Kd3 Bb1+ 40.
Kc3 Ba2 41. Nb3 Bb1 42. Nd2 Ba2 43. Kb4 Kd8 44. Bb2 1-0

[Event "TICP 2010"]
[Site "Charleroi"]
[Date "2010.07.31"]
[Round "1.12"]
[White "Tavernier, Frank"]
[Black "Godart, François"]
[Result "0-1"]
[WhiteElo "1776"]
[BlackElo "2240"]
[PlyCount "36"]

1. e4 c6 2. d4 d5 3. exd5 cxd5 4. Bd3 Nc6 5. c3 Qc7 6. Ne2 Bg4 7. f3 Bd7 8. Bf4
e5 9. dxe5 Nxe5 10. O-O Bd6 11. Re1 O-O-O 12. Bxe5 Bxe5 13. g3 h5 14. Nd2 Qc6
15. Kg2 h4 16. Nb3 Bh3+ 17. Kxh3 hxg3+ 18. Kg4 Nf6+ 0-1

[Event "TICP 2010"]
[Site "Charleroi"]
[Date "2010.07.31"]
[Round "1.13"]
[White "Maes, Wim"]
[Black "Cottenier, Christophe"]
[Result "1-0"]
[WhiteElo "2232"]
[BlackElo "1771"]
[PlyCount "79"]

1. e4 c6 2. d4 d5 3. Nd2 dxe4 4. Nxe4 Bf5 5. Ng3 Bg6 6. h4 h6 7. Nh3 e6 8. Nf4
Bh7 9. Bc4 Bd6 10. Nfh5 g6 11. Nf4 Nf6 12. Qe2 Nbd7 13. c3 Qe7 14. Nd3 Nb6 15.
Bb3 Qc7 16. Ne5 Bg8 17. Bd2 O-O-O 18. a4 Kb8 19. O-O Nbd7 20. Nc4 Bxg3 21. fxg3
Nh5 22. g4 Ng3 23. Qf3 g5 24. Rfe1 f6 25. h5 f5 26. Be3 f4 27. Bf2 e5 28. Bxg3
Bd5 29. Qd1 fxg3 30. Nxe5 Rhe8 31. Nxd7+ Qxd7 32. Bxd5 Qxd5 33. Qf3 Qd6 34. Re3
Rxe3 35. Qxe3 c5 36. Rd1 Kc7 37. Rd3 cxd4 38. Rxd4 Qb6 39. Qe7+ Rd7 40. Qxd7+
1-0

[Event "TICP 2010"]
[Site "Charleroi"]
[Date "2010.07.31"]
[Round "1.14"]
[White "Glorieux, Léonard"]
[Black "Sclacmender, Julien"]
[Result "0-1"]
[WhiteElo "1764"]
[BlackElo "2214"]
[PlyCount "44"]

1. e3 e5 2. b3 Nf6 3. Bb2 Nc6 4. h3 a6 5. a3 d5 6. Ne2 Bd6 7. d3 O-O 8. Nd2 Be6
9. g3 Qd7 10. Bg2 Rae8 11. e4 dxe4 12. Nxe4 Nxe4 13. dxe4 f5 14. Nc3 Nd4 15.
Qd3 f4 16. g4 f3 17. Bf1 Qe7 18. Nd1 Rd8 19. Bxd4 exd4 20. b4 Kh8 21. Nb2 Bxb4+
22. Kd1 Bc3 0-1

[Event "TICP 2010"]
[Site "Charleroi"]
[Date "2010.07.31"]
[Round "1.15"]
[White "Henris, Luc"]
[Black "Garcia-Hernando, François"]
[Result "1-0"]
[WhiteElo "2213"]
[BlackElo "1759"]
[PlyCount "67"]

1. e4 c6 2. d4 d5 3. f3 e6 4. Nc3 Bb4 5. Bf4 Nd7 6. Qd3 Ne7 7. O-O-O O-O 8.
Nge2 a6 9. h4 b5 10. h5 Bb7 11. Kb1 c5 12. dxc5 Bxc5 13. exd5 Nxd5 14. Nxd5
Bxd5 15. Nc3 Bc6 16. Ne4 Bxe4 17. Qxe4 Qe7 18. Bd3 Nf6 19. Qe1 Nd5 20. h6 g6
21. Be4 Nxf4 22. Bxa8 Rxa8 23. Qe5 f6 24. Qxf4 e5 25. Qe4 Rc8 26. Qd5+ Kf8 27.
Rhe1 Bf2 28. Re2 Bg3 29. Qd6 Bf4 30. Qxa6 Rb8 31. Rd5 b4 32. Re1 Bxh6 33. Red1
Bg5 34. Rd7 1-0

[Event "TICP 2010"]
[Site "Charleroi"]
[Date "2010.07.31"]
[Round "1.16"]
[White "Herpigny, Yves"]
[Black "Duhayon, Yves"]
[Result "1/2-1/2"]
[WhiteElo "1753"]
[BlackElo "2211"]
[PlyCount "43"]

1. e4 e5 2. Bc4 Nf6 3. d4 exd4 4. Nf3 Nc6 5. e5 Ng4 6. O-O d6 7. Bg5 Be7 8.
Bxe7 Qxe7 9. exd6 Qxd6 10. Re1+ Be6 11. Qe2 O-O 12. Bxe6 fxe6 13. Qxe6+ Qxe6
14. Rxe6 Rxf3 15. gxf3 Nge5 16. f4 Ng6 17. Re4 Rf8 18. Kg2 Nxf4+ 19. Kg3 Nh5+
20. Kg2 Nf4+ 21. Kg3 Nh5+ 22. Kg2 1/2-1/2

[Event "TICP 2010"]
[Site "Charleroi"]
[Date "2010.07.31"]
[Round "1.17"]
[White "Vanderwaeren, Serge"]
[Black "Ponnet, Guy"]
[Result "1-0"]
[WhiteElo "2168"]
[BlackElo "1750"]
[PlyCount "37"]

1. Nf3 Nf6 2. c4 e6 3. g3 c5 4. Bg2 Nc6 5. O-O d5 6. cxd5 exd5 7. d4 Ne4 8. Nc3
Nxc3 9. bxc3 Bf5 10. Nh4 Be6 11. f4 Bg4 12. h3 Bh5 13. Rb1 b6 14. Qa4 Rc8 15.
e4 dxe4 16. Bxe4 Qc7 17. d5 Be2 18. Re1 b5 19. Qc2 1-0

[Event "TICP 2010"]
[Site "Charleroi"]
[Date "2010.07.31"]
[Round "1.18"]
[White "Sohet, Cédric"]
[Black "Lacroix, Bruno"]
[Result "0-1"]
[WhiteElo "1747"]
[BlackElo "2165"]
[PlyCount "60"]

1. e4 c5 2. Nc3 Nc6 3. f4 e6 4. Nf3 d5 5. Bb5 Nf6 6. exd5 exd5 7. Qe2+ Be7 8.
Ne5 Qd6 9. O-O O-O 10. Bxc6 bxc6 11. d3 Re8 12. Bd2 Bf8 13. Rae1 c4 14. Qf3
cxd3 15. Qxd3 g6 16. f5 Rxe5 17. Rxe5 Qxe5 18. fxg6 hxg6 19. Qf3 Bg7 20. Bf4
Qd4+ 21. Be3 Qg4 22. Qf2 Be6 23. h3 Qb4 24. Ne2 Qxb2 25. c3 Ne4 26. Qe1 Nxc3
27. Nf4 Bf5 28. g4 Be4 29. Bc1 Bd4+ 30. Be3 Ne2+ 0-1

[Event "TICP 2010"]
[Site "Charleroi"]
[Date "2010.07.31"]
[Round "1.20"]
[White "Toth, Charles"]
[Black "Van Uytven, Eric"]
[Result "0-1"]
[WhiteElo "1739"]
[BlackElo "2160"]
[PlyCount "50"]

1. Nf3 Nf6 2. Nc3 d6 3. e4 g6 4. d3 Bg7 5. Bd2 O-O 6. Qc1 c5 7. Bh6 Nc6 8. h4
e5 9. Bg5 Ne7 10. Bh6 Nh5 11. Bxg7 Kxg7 12. g3 f5 13. exf5 Bxf5 14. Bg2 Nc6 15.
Nh2 Be6 16. Bd5 Qd7 17. Qd2 Nd4 18. O-O-O Bxd5 19. Nxd5 Qf7 20. g4 Qxd5 21.
gxh5 Qxa2 22. Qe3 Qa1+ 23. Kd2 Qxb2 24. h6+ Kg8 25. Ke1 Nxc2+ 0-1

[Event "TICP 2010"]
[Site "Charleroi"]
[Date "2010.08.01"]
[Round "2.1"]
[White "Geboers, Jimmy"]
[Black "Wirig, Anthony"]
[Result "0-1"]
[WhiteElo "1963"]
[BlackElo "2489"]
[PlyCount "76"]

1. d4 Nf6 2. c4 e6 3. Nf3 Bb4+ 4. Bd2 Qe7 5. Nc3 b6 6. e3 Bb7 7. Bd3 O-O 8. O-O
Bxc3 9. Bxc3 d6 10. Qe2 Ne4 11. Bxe4 Bxe4 12. Nd2 Bb7 13. e4 c5 14. Rfe1 Nc6
15. d5 Nd4 16. Bxd4 cxd4 17. f4 e5 18. fxe5 dxe5 19. Nf3 a5 20. b3 Ba6 21. Qb2
f6 22. Rac1 Rac8 23. Rc2 Rc7 24. Rec1 Rfc8 25. Nd2 h5 26. a3 b5 27. cxb5 Bxb5
28. Nc4 Bxc4 29. bxc4 Rb7 30. Qa2 Qc5 31. Rb2 d3+ 32. Kh1 Qe3 33. Rd1 Rxb2 34.
Qxb2 Rxc4 35. Qb5 Qe2 36. Qe8+ Kh7 37. Rg1 d2 38. Qe6 Rc1 0-1

[Event "TICP 2010"]
[Site "Charleroi"]
[Date "2010.08.01"]
[Round "2.2"]
[White "Rausis, Igor"]
[Black "Marte, Sébastien"]
[Result "1-0"]
[WhiteElo "2466"]
[BlackElo "1966"]
[PlyCount "65"]

1. Nf3 Nf6 2. g3 c5 3. Bg2 Nc6 4. d4 cxd4 5. Nxd4 g6 6. O-O Bg7 7. c4 O-O 8.
Nc3 Nxd4 9. Qxd4 d6 10. Qd3 a6 11. h3 Qc7 12. Bd2 Be6 13. b3 Rab8 14. Rac1 Rfc8
15. c5 Qd7 16. cxd6 Bf5 17. Qf3 exd6 18. g4 Be6 19. Bg5 Ne8 20. Rfd1 h5 21.
gxh5 Rc5 22. Nd5 Bxd5 23. Rxd5 Rxc1+ 24. Bxc1 Nf6 25. hxg6 Nxd5 26. Qxd5 Qe6
27. gxf7+ Kxf7 28. Qd3 Ke7 29. Bg5+ Kd7 30. h4 Qe5 31. Qc4 d5 32. Bxd5 Rc8 33.
Qg4+ 1-0

[Event "TICP 2010"]
[Site "Charleroi"]
[Date "2010.08.01"]
[Round "2.3"]
[White "Vanhee, Freddy"]
[Black "Hautot, Stéphane"]
[Result "0-1"]
[WhiteElo "1960"]
[BlackElo "2422"]
[PlyCount "82"]

1. d4 Nf6 2. Bg5 Ne4 3. Bf4 c5 4. f3 Nf6 5. d5 d6 6. c4 g6 7. Nc3 Bg7 8. e4 O-O
9. Bd3 Nh5 10. Bg5 h6 11. Be3 e5 12. Qd2 f5 13. Nge2 f4 14. Bf2 Na6 15. O-O g5
16. g4 fxg3 17. Bxg3 Bh3 18. Rf2 Nf4 19. Kh1 Rf7 20. Ng1 Bd7 21. Bf1 h5 22.
Bxf4 exf4 23. e5 Bxe5 24. Re1 Qf6 25. Rg2 Rg7 26. Ne4 Qh6 27. h4 g4 28. Ng5 Qf6
29. Rh2 Re8 30. Bd3 g3 31. Rhe2 Rxg5 32. hxg5 Qxg5 33. Bb1 Qh4+ 34. Kg2 Qh2+
35. Kf1 Qh1 36. Qc2 Bh3+ 37. Rg2 Kf8 38. Ree2 Bd4 39. Rxe8+ Kxe8 40. Qg6+ Ke7
41. Qh7+ Kd8 0-1

[Event "TICP 2010"]
[Site "Charleroi"]
[Date "2010.08.01"]
[Round "2.4"]
[White "Van der Stricht, Geert"]
[Black "Timmermans, Daniel"]
[Result "1-0"]
[WhiteElo "2393"]
[BlackElo "1960"]
[PlyCount "165"]

1. d4 f5 2. g3 Nf6 3. Bg2 g6 4. Nf3 Bg7 5. O-O O-O 6. c4 d6 7. Nc3 Nc6 8. d5
Na5 9. Qd3 c5 10. Bd2 a6 11. Rab1 b5 12. b3 Rb8 13. Ng5 Qe8 14. e4 bxc4 15.
bxc4 Rb4 16. Ne2 Rxb1 17. Rxb1 Qa4 18. Bxa5 Qxa5 19. Qc2 fxe4 20. Nxe4 Bf5 21.
Nf4 Nxe4 22. Bxe4 Bxe4 23. Qxe4 Qxa2 24. Rf1 Bf6 25. h4 Qb2 26. h5 Qe5 27. Qb1
gxh5 28. Re1 Qc3 29. Qe4 Bd4 30. Kg2 Be5 31. Nxh5 Qd4 32. Qe2 Kh8 33. f4 Bf6
34. Rd1 Qb2 35. Rd2 Qc3 36. Rc2 Qd4 37. Ra2 Ra8 38. Kh3 h6 39. Qc2 Rg8 40. Kh2
a5 41. Rxa5 Qb2 42. Qxb2 Bxb2 43. Ra7 Re8 44. Kh3 Kg8 45. Kg4 Kf7 46. Kf5 Rb8
47. g4 Rb3 48. Ra2 Bd4 49. Rc2 Rh3 50. Rc1 Rh2 51. Ng3 Rh3 52. Nh5 Re3 53. Rb1
Rc3 54. Rb8 Rh3 55. Ra8 Bb2 56. Ra7 Bd4 57. Ra2 Re3 58. Rc2 Bc3 59. Rc1 Rh3 60.
Rg1 Bd4 61. Rg3 Rh2 62. Ra3 Rc2 63. Rf3 Rxc4 64. g5 Rc3 65. g6+ Kg8 66. Rf1 Rh3
67. Kg4 Rh2 68. Ng3 Bf6 69. Kf3 Rh3 70. Kg2 Rh4 71. Kf3 Rh3 72. Kg4 Rh4+ 73.
Kf5 Rh3 74. Ne4 Rh5+ 75. Ke6 Bd4 76. Kxe7 Rxd5 77. Ke6 Rh5 78. Nxd6 Rh2 79. Re1
Rf2 80. f5 h5 81. Ne4 Rf4 82. Nf6+ Kf8 83. g7+ 1-0

[Event "TICP 2010"]
[Site "Charleroi"]
[Date "2010.08.01"]
[Round "2.5"]
[White "Russo, Bruno"]
[Black "Claesen, Pieter"]
[Result "0-1"]
[WhiteElo "1949"]
[BlackElo "2350"]
[PlyCount "68"]

1. e4 c6 2. d4 g6 3. Nc3 d5 4. exd5 cxd5 5. Nf3 Bg7 6. h3 Nf6 7. Bf4 Nc6 8. Bb5
Qb6 9. O-O O-O 10. Bxc6 Qxc6 11. Ne5 Qa6 12. Re1 Be6 13. Qd2 Rac8 14. g4 Rfd8
15. f3 Nd7 16. h4 Qb6 17. Rab1 Bxe5 18. Bxe5 Rc4 19. b3 Nxe5 20. Rxe5 Rxd4 21.
Qf2 Rd2 22. Qxb6 axb6 23. Nb5 Bd7 24. a4 Bxb5 25. axb5 e6 26. Rc1 Rc8 27. c4
Rd3 28. Ra1 dxc4 29. bxc4 Rxc4 30. h5 Kg7 31. hxg6 hxg6 32. Ra7 Rxf3 33. Rxb7
Rxg4+ 34. Kh2 Kf6 0-1

[Event "TICP 2010"]
[Site "Charleroi"]
[Date "2010.08.01"]
[Round "2.6"]
[White "Vandevoort, Pascal"]
[Black "Winants, Henri"]
[Result "1-0"]
[WhiteElo "2345"]
[BlackElo "1953"]
[PlyCount "61"]

1. d4 Nf6 2. Bg5 g6 3. Bxf6 exf6 4. c4 Bg7 5. Nc3 f5 6. g3 O-O 7. e3 d6 8. Bg2
Nd7 9. Nge2 Re8 10. O-O c6 11. b4 Nf6 12. Qd3 Qe7 13. Rab1 Ne4 14. b5 Be6 15.
bxc6 bxc6 16. Rfc1 Rab8 17. Rxb8 Rxb8 18. Nxe4 fxe4 19. Qxe4 d5 20. cxd5 cxd5
21. Qc2 Qa3 22. Rb1 Rc8 23. Qb3 Qxb3 24. axb3 Rc2 25. Nf4 Bf5 26. Ra1 Be4 27.
Bxe4 dxe4 28. Rxa7 h5 29. h4 Rb2 30. Rb7 Bf8 31. Nd5 1-0

[Event "TICP 2010"]
[Site "Charleroi"]
[Date "2010.08.01"]
[Round "2.7"]
[White "Porteman, Eric"]
[Black "Simon, Olivier"]
[Result "0-1"]
[WhiteElo "1931"]
[BlackElo "2339"]
[PlyCount "76"]

1. c4 Nf6 2. Nc3 g6 3. g3 d6 4. Bg2 Bg7 5. Nf3 O-O 6. O-O Nc6 7. d3 h6 8. Bd2
e5 9. Rb1 a5 10. Ne1 Be6 11. Nc2 Rb8 12. Nd5 Nh7 13. Qc1 h5 14. h4 Qd7 15. Kh2
b6 16. Bh6 Ne7 17. Bxg7 Kxg7 18. b3 Ng8 19. f4 Nh6 20. Nce3 c6 21. Nc3 Nf6 22.
fxe5 Nfg4+ 23. Kg1 dxe5 24. Nc2 f5 25. Qe1 f4 26. gxf4 exf4 27. Ne4 Qc7 28. Ng5
Rbe8 29. Nd4 Bd7 30. Qc3 Kg8 31. Bf3 Ne3 32. Be4 f3 33. Qe1 Nxf1 34. Kxf1 fxe2+
35. Kxe2 Qf4 36. Ndf3 Bg4 37. Qf2 Bxf3+ 38. Qxf3 Qh2+ 0-1

[Event "TICP 2010"]
[Site "Charleroi"]
[Date "2010.08.01"]
[Round "2.8"]
[White "Vandenbussche, Thibaut"]
[Black "Kaczmarzyk, Lucien"]
[Result "1-0"]
[WhiteElo "2317"]
[BlackElo "1934"]
[PlyCount "79"]

1. e4 e6 2. d4 d5 3. e5 c5 4. c3 Bd7 5. Nf3 Qb6 6. Be2 Bb5 7. dxc5 Bxc5 8. O-O
Bxe2 9. Qxe2 Qc7 10. Nbd2 a5 11. Nb3 Nd7 12. Nxc5 Nxc5 13. Nd4 Ne7 14. Nb5 Qd7
15. Nd6+ Kf8 16. Be3 b6 17. c4 Rb8 18. Qf3 Ng6 19. Bxc5 bxc5 20. Qc3 d4 21.
Qxa5 Nxe5 22. Qxc5 f6 23. Rad1 d3 24. f4 Qc6 25. Ne4+ Qxc5+ 26. Nxc5 Rc8 27.
fxe5 Rxc5 28. Rxd3 Ke7 29. exf6+ gxf6 30. Rfd1 Kf7 31. Rc3 h5 32. b4 Rg5 33.
Rd7+ Kg6 34. c5 h4 35. c6 h3 36. Rg3 Rxg3 37. hxg3 h2+ 38. Kh1 e5 39. c7 Rc8
40. b5 1-0

[Event "TICP 2010"]
[Site "Charleroi"]
[Date "2010.08.01"]
[Round "2.9"]
[White "Houriez, Clément"]
[Black "Marchal, Patrice"]
[Result "1-0"]
[WhiteElo "2259"]
[BlackElo "1916"]
[PlyCount "67"]

1. d4 d5 2. c4 e6 3. Nf3 c6 4. Qc2 f5 5. g3 Nf6 6. Bg2 Bd6 7. O-O O-O 8. Bf4
Qc7 9. Bxd6 Qxd6 10. Ne5 Nbd7 11. Nd3 Kh8 12. Nd2 Qe7 13. b4 dxc4 14. Nxc4 Nb6
15. Na5 Nbd5 16. a3 Rb8 17. Qc5 Nd7 18. Qxe7 Nxe7 19. Rfc1 Ng6 20. f4 Rd8 21.
e3 Ne7 22. a4 a6 23. b5 axb5 24. axb5 cxb5 25. Rab1 b6 26. Nc6 Nxc6 27. Rxc6
Re8 28. Rd6 Nf8 29. Bc6 Re7 30. Rd8 Kg8 31. Ne5 Rc7 32. d5 g6 33. d6 Rxc6 34.
Nxc6 1-0

[Event "TICP 2010"]
[Site "Charleroi"]
[Date "2010.08.01"]
[Round "2.10"]
[White "Bruno, Ricardo"]
[Black "Bolzoni, Victor"]
[Result "0-1"]
[WhiteElo "1921"]
[BlackElo "2240"]
[PlyCount "54"]

1. e4 c5 2. Nf3 Nc6 3. d4 cxd4 4. Nxd4 e5 5. Nb5 d6 6. N1c3 a6 7. Na3 b5 8. Nd5
Nf6 9. Bg5 Be7 10. Bxf6 Bxf6 11. c3 Ne7 12. c4 Nxd5 13. cxd5 Bg5 14. Bd3 Qa5+
15. Kf1 O-O 16. h4 Bh6 17. g4 Bf4 18. Nc2 Bd7 19. Ne3 Bxe3 20. fxe3 h5 21. gxh5
f5 22. Kg1 f4 23. h6 Qb6 24. Qe2 fxe3 25. hxg7 Rf2 26. Qh5 e2 27. Qh8+ Kf7 0-1

[Event "TICP 2010"]
[Site "Charleroi"]
[Date "2010.08.01"]
[Round "2.11"]
[White "Godart, François"]
[Black "Leloutre, Bernard"]
[Result "1-0"]
[WhiteElo "2240"]
[BlackElo "1883"]
[PlyCount "87"]

1. d4 e6 2. c4 Nf6 3. Nf3 Nc6 4. Bg5 h6 5. Bxf6 Qxf6 6. e4 Bb4+ 7. Nc3 d6 8.
Be2 e5 9. O-O Bxc3 10. bxc3 O-O 11. Rb1 Qg6 12. Qd3 b6 13. c5 Kh8 14. Rfd1 f5
15. Nh4 Qg5 16. Nxf5 Bxf5 17. exf5 Ne7 18. cxd6 cxd6 19. dxe5 dxe5 20. Qe4 Qxf5
21. Qxf5 Nxf5 22. Rd5 Rac8 23. Rc1 e4 24. Ba6 Rce8 25. Rd7 Re7 26. Rxe7 Nxe7
27. Rd1 Nc6 28. Bb7 Rf6 29. h3 Kh7 30. Re1 Re6 31. Bc8 Re5 32. Rxe4 Rxe4 33.
Bf5+ g6 34. Bxe4 Ne7 35. f4 Kg7 36. Kf2 Kf6 37. Ke3 Ke6 38. Kd4 Nf5+ 39. Bxf5+
gxf5 40. g4 a6 41. g5 hxg5 42. fxg5 Kf7 43. Ke5 Kg6 44. h4 1-0

[Event "TICP 2010"]
[Site "Charleroi"]
[Date "2010.08.01"]
[Round "2.12"]
[White "Denivet, Axel"]
[Black "Maes, Wim"]
[Result "0-1"]
[WhiteElo "1904"]
[BlackElo "2232"]
[PlyCount "74"]

1. e4 c5 2. Nc3 e6 3. f4 d5 4. e5 Nc6 5. Nf3 Nh6 6. d4 Nf5 7. Bb5 cxd4 8. Nxd4
Qh4+ 9. Ke2 Qg4+ 10. Kf2 Qxd1 11. Rxd1 Nfxd4 12. Rxd4 Bc5 13. Be3 Bxd4 14.
Bxc6+ bxc6 15. Bxd4 O-O 16. Bc5 Re8 17. Ne2 Rb8 18. b4 Bd7 19. c3 Rb7 20. Nd4
f6 21. Ke3 Ra8 22. Rf1 a5 23. a3 axb4 24. Bxb4 c5 25. Bxc5 Rb2 26. Rf2 Rb1 27.
Bb4 Kf7 28. Kd2 h6 29. exf6 gxf6 30. Kc2 Rh1 31. g3 h5 32. Re2 h4 33. gxh4 Rf1
34. Nf5 Ba4+ 35. Kb2 exf5 36. h5 Re8 37. Rg2 Rxf4 0-1

[Event "TICP 2010"]
[Site "Charleroi"]
[Date "2010.08.01"]
[Round "2.13"]
[White "Sclacmender, Julien"]
[Black "Charlier, Dominique"]
[Result "1-0"]
[WhiteElo "2214"]
[BlackElo "1878"]
[PlyCount "45"]

1. e4 e5 2. Bc4 Nf6 3. d3 Bc5 4. Nf3 d6 5. c3 O-O 6. Nbd2 Qe7 7. O-O Nc6 8. a4
a6 9. h3 Bd7 10. Re1 Rab8 11. Nf1 b5 12. axb5 axb5 13. Bb3 h6 14. Ng3 Ra8 15.
Bd2 Kh7 16. Rxa8 Rxa8 17. Nh4 Bxf2+ 18. Kxf2 Ng4+ 19. hxg4 Qxh4 20. g5 Bg4 21.
Qc1 Be6 22. Rh1 Qg4 23. Bd1 1-0

[Event "TICP 2010"]
[Site "Charleroi"]
[Date "2010.08.01"]
[Round "2.14"]
[White "Desinte, David"]
[Black "Henris, Luc"]
[Result "0-1"]
[WhiteElo "1887"]
[BlackElo "2213"]
[PlyCount "60"]

1. e4 e5 2. f4 exf4 3. Nf3 g5 4. Bc4 Bg7 5. h4 h6 6. hxg5 hxg5 7. Rxh8 Bxh8 8.
d4 d6 9. Nc3 Nc6 10. d5 Ne5 11. Nxe5 Bxe5 12. Qh5 Bxc3+ 13. bxc3 Qf6 14. Bd2
Nh6 15. Bb5+ Ke7 16. Be2 Bd7 17. O-O-O Rh8 18. Rh1 Qe5 19. Kb1 f6 20. Qh2 Nf7
21. Qg1 Rxh1 22. Qxh1 Qxe4 23. Bf3 Qf5 24. Qg1 g4 25. Be2 f3 26. gxf3 gxf3 27.
Qe3+ Ne5 28. Bf1 Ba4 29. Bd3 f2 30. Qe2 Bxc2+ 0-1